| 000 | 00761nam a2200229Ia 4500 | ||
|---|---|---|---|
| 003 | GCL | ||
| 008 | 140319s9999 xx 000 0 ara d | ||
| 040 |
_aGCL / _cGCL |
||
| 082 | 0 | 4 |
_a362.6042 _bم ت |
| 100 | 1 | _aمحمد يسرى ابراهيم دعبس | |
| 245 | 1 | 0 |
_aالتكوين النفسى للمسنين فى الثقافات المختلفة / _cمحمد يسرى ابراهيم دعبس |
| 260 |
_a[S.N] : _bالمجالس ، _c1991 |
||
| 300 | _a123 ص | ||
| 490 |
_aعلم الانسان وقضايا المجتمع _v0 |
||
| 650 | 0 | 4 | _aالاسرة |
| 650 | 0 | 4 | _aالخدمة الاجتماعية |
| 650 | 0 | 4 | _aعلم النفس |
| 650 | 0 | 4 | _aالثقافة |
| 650 | 0 | 4 | _aالاجتماع |
| 650 | 0 | 4 | _aالمسنون |
| 942 |
_2ddc _cBK |
||
| 999 |
_c32473 _d32473 |
||